| 000 | 01922nam a2200277Ia 4500 | ||
|---|---|---|---|
| 008 | 260220t1968||||xx |||||||||||||| ||spa|| | ||
| 040 |
_aPY-SlUNAC _bspa _erda |
||
| 041 | _aspa | ||
| 082 |
_a512 _bR299a |
||
| 100 |
_aRepetto, Celina H. _eAutor |
||
| 245 | 0 |
_aMatemática moderna : _balgebra y geometría / _cpor Celina H. Repetto [Autor]; Marcela E. Linskens [Autor] y Hilda B. Fesquet [Autor] |
|
| 250 | _aSegunda edición | ||
| 264 |
_aBuenos Aires : _bKapelusz, _c℗1968. |
||
| 300 | _a1 volumen | ||
| 520 | _a"Matemática moderna: álgebra y geometría" de Celina H. Repetto es una obra fundamental que introduce conceptos de matemáticas avanzadas de manera accesible para estudiantes y educadores. A lo largo del texto, la autora explora los principios del álgebra y la geometría moderna, enfatizando su interconexión y aplicaciones en la resolución de problemas. Con un enfoque pedagógico, Repetto utiliza ejemplos prácticos y ejercicios que fomentan la comprensión profunda de los temas tratados, desde las estructuras algebraicas hasta las propiedades geométricas. La obra también aborda la evolución histórica de estas disciplinas, lo que permite a los lectores apreciar el contexto en el que se desarrollaron. Con un estilo claro y didáctico, el libro no solo busca enseñar técnicas matemáticas, sino también estimular el pensamiento crítico y la creatividad en la resolución de problemas. En conjunto, "Matemática moderna" se establece como un recurso valioso para aquellos que desean profundizar en el estudio de las matemáticas contemporáneas. | ||
| 653 | _aÁlgebra | ||
| 653 | _aGeometría | ||
| 653 | _aMatemáticas | ||
| 700 |
_aFesquet, Hilda B. _eAutor |
||
| 700 |
_aLinskens, Marcela E. _eAutor |
||
| 942 |
_b2026/02/17 _cBK |
||
| 999 |
_c7433 _d7433 |
||